[Event "Metz op 31th"]
[Site "Metz"]
[Date "2013.07.25"]
[Round "8"]
[White "Gharamian, Tigran"]
[Black "Maiorov, Nikita"]
[Result "1/2-1/2"]
[WhiteElo "2663"]
[BlackElo "2535"]
[Annotator "Metz Alekhine/Primel,D"]
[PlyCount "48"]
[EventDate "2013.04.20"]
[EventType "swiss"]
[EventRounds "9"]
[EventCountry "FRA"]
[SourceTitle "EXT 2016"]
[Source "ChessBase"]
[SourceDate "2015.10.08"]
[SourceVersion "1"]
[SourceVersionDate "2015.10.08"]
[SourceQuality "1"]
[TimeControl "40/5400+30:1200+30"]

1. d4 Nf6 2. c4 e6 3. g3 Bb4+ 4. Bd2 Bxd2+ (4... Be7) 5. Qxd2 d5 6. Bg2 c6 (
6... O-O 7. Nf3 c6 8. O-O Nbd7 9. Rc1 Qe7 10. Qe3 dxc4 11. Rxc4 Nd5 12. Qa3 Re8
13. Qxe7 Rxe7 14. e4 N5b6 15. Rc2 e5 16. Nbd2 a5 17. a3 g6 18. Rac1 exd4 19.
Nxd4 Ne5 20. f4 Rd7 21. Ne2 Ng4 22. Nf1 Rd8 23. h3 Nf6 24. Rd2 Be6 25. Kf2 Na4
26. Rcc2 Nd7 27. Ke3 Bb3 28. Rc1 Ndb6 29. Rd4 c5 30. Rxd8+ Rxd8 31. e5 Nc4+ 32.
Kf3 Naxb2 33. Nc3 Nxa3 34. Ne3 b5 35. Ne4 Nd3 36. Rh1 {Kramnik,V (2803)
-Andreikin,D (2713) Moscow 2013 0-1}) 7. Nf3 Nbd7 8. O-O b6 9. Rc1 {La partie
a transposé dans une catalane fermée mais avec Qd2 au lieu de Qc2 ce qui
avantage les Noirs et certains joueurs coté Blanc ont d'ailleurs préféré
perdre un tempo immédiatement avec Qc2} (9. Qc2 $5 {Harikrishna,P (2666)
-Lenderman,A (2548) Chicago op 20th 2011 (5) 1-0}) 9... Bb7 10. cxd5 {66} (10.
Ne5 O-O) 10... cxd5 {86} 11. Qb4 $146 (11. a4 O-O 12. a5 Ne4 13. Qb4 Ba6 14.
Bf1 Rb8 15. Nc3 Nef6 16. Qa3 bxa5 17. Qxa5 Bc4 18. Nd2 Rxb2 19. Nxc4 dxc4 20.
Qxa7 h5 21. Ra2 Qb8 22. e3 Qxa7 23. Rxa7 Rc8 24. Be2 g6 25. Kf1 Nb6 26. Ra5
Nbd5 27. Nd1 Rb4 28. f3 Nd7 29. e4 N5b6 30. Nc3 Nb8 31. Rb5 Rb3 32. Rc5 Rxc5
33. dxc5 N6d7 34. Na4 Ra3 35. Bd1 Ne5 36. f4 Ng4 37. Bxg4 hxg4 38. Rxc4 Nc6 39.
e5 Ra1+ 40. Ke2 Ra2+ {Brunello,S (2586)-Almasi,Z (2713) Istanbul 2012 1/2-1/2})
11... Qe7 12. Qa4 {[%cal Gf3e5]} Qd6 13. Bf1 O-O $11 14. Qa3 Ne4 $1 {[%csl Ra3,
Rb1] Comme les Blancs ont joué très passivement l'ouverture, les Noirs
commencent à s'activer et en forçant la prise Qd6, le Nd6 va protéger le Bb7
} 15. Qxd6 {Les Blancs avaient déjà dépensé près d'une heure, le signe
que le français n'était pas très à l'aise dans cette partie.} Nxd6 {
[%cal Gd6b7] 50} 16. Rc7 Nf6 17. Na3 Rfc8 18. Rac1 Rxc7 19. Rxc7 Rc8 20. Rxc8+
Bxc8 21. e3 Nfe8 {[%emt 0:00:40]} 22. Be2 Nc7 23. Kf1 Kf8 24. Ke1 Ke7 1/2-1/2

[Event "ISR-ch"]
[Site "Ramat Aviv"]
[Date "1998.11.15"]
[Round "4.2"]
[White "Mikhalevski, Victor"]
[Black "Psakhis, Lev"]
[Result "1/2-1/2"]
[WhiteElo "2540"]
[BlackElo "2560"]
[Annotator "Mikhalevski,V"]
[PlyCount "73"]
[EventDate "1998.11.08"]
[EventType "k.o."]
[EventRounds "5"]
[EventCountry "ISR"]
[SourceTitle "CBM 068"]
[Source "ChessBase"]
[SourceDate "1999.02.01"]
[SourceVersion "1"]
[SourceVersionDate "1999.02.01"]
[SourceQuality "1"]

{[%mdl 2] This is the second game of my semifinal mini-match of The Israel
Championship against Lev Psakhis.First game was drawn and the winner of this
one would qualify for the final.This fact can explain the caution in actions
of both players.} 1. d4 e6 2. c4 Nf6 3. g3 Bb4+ 4. Nd2 c5 5. a3 Bxd2+ 6. Qxd2
cxd4 7. Nf3 b6 8. Bg2 Bb7 9. Qxd4 Nc6 {The key position.White tried almost all
queen retreats,but the advatage is still not found.} 10. Qd3 $146 {[%mdl 8]
This time I decided to try a new continuation and to make a surprise for my
very expirienced opponent.} (10. Qh4) (10. Qf4) (10. Qc3) 10... Ne5 {This move
took about half an hour.} (10... O-O {after} 11. O-O {would lead into
theoretical line which usually had been reached by other moves orders.} d5 (
11... Rc8 12. b4 (12. e4 $6 Na5 13. e5 Ne4 14. Re1 Nc5 15. Qe2 Ncb3 16. Rb1
Rxc4 $17 {0-1 Farago,S-Petrosian,A/Budapest 1991/CBM 27 (60)}) 12... d5 13.
cxd5 Qxd5 14. Qxd5 Nxd5 15. Bb2 Ba6 16. Rfe1 Rfd8 17. Rac1 Bb5 18. e3 Nde7 19.
Red1 f6 {1/2-1/2 Meins,G-Shipov,S/Groningen 1995/CBM 50 ext (19)}) 12. b4 (12.
Bg5 dxc4 13. Qxc4 Na5 14. Qf4 h6 15. Bxf6 Qxf6 16. Qxf6 $5 (16. b4 Qxf4 17.
gxf4 {1/2-1/2 Cobo Arteaga,E-Rodriguez,J/Havana 1971/MCD (17)}) 16... gxf6 17.
Rac1) 12... e5 (12... dxc4 13. Qxc4 Rc8 14. Qa2 Ne7 15. Bf4 Be4 16. Rac1 $14 {
1/2-1/2 Conquest,S-Sharif,M/New York 1984/MCD (45)}) 13. cxd5 e4 14. Qb3 Qxd5 (
14... exf3 $2 15. dxc6 fxg2 16. Rd1 $1 $16) 15. Qxd5 Nxd5 16. Ng5 Nd4 17. e3
Ne2+ 18. Kh1 Ndc3 19. Bb2 h6 20. Bxc3 {1/2-1/2 Uhlmann,W-Parma,B/Skopje 1968/
MCD (20)}) 11. Qc3 {Now white gets slightly better endgame.} (11. Nxe5 Bxg2 12.
Rg1 Be4 (12... Bb7 $5 13. Bg5 h6 14. Bxf6 gxf6 15. Ng4 $13) 13. Qd4 h6 $1 (
13... d6 14. Ng4 Nxg4 15. Qxg7 Qf6 16. Qxg4 $16) 14. Ng4 Bb7 $11) 11... Nxf3+
12. Bxf3 Bxf3 13. Qxf3 Rc8 14. b3 d5 (14... b5 15. cxb5 Qa5+ 16. b4 Qxb5 17.
Bb2 $14) 15. cxd5 (15. Bf4 $6 dxc4 (15... O-O $5) 16. Rd1 Nd7 $1 (16... Qe7 $2
17. Bd6 Qd7 18. Bf8 $1 Nd5 19. Bxg7 Rg8 20. bxc4 Rxc4 21. Qd3 {[%cal Gd3h7]}
Rg4 22. Bb2 $16 {[%cal Ge2e4]}) 17. bxc4 Rxc4 18. O-O Qc8 (18... O-O $4 19. Qd3
$18) 19. Bd6 $13) 15... Qxd5 16. Qxd5 Nxd5 17. Bb2 {[%mdl 4096] Very important
tempo.Now white has time for Kd2.} f6 (17... O-O 18. Kd2 (18. Rc1 $5) 18...
Rfd8 19. Rac1 Nf6+ 20. Ke3 Ng4+ (20... Rxc1 21. Rxc1 (21. Bxc1 $5) 21... Ng4+
22. Kf4 Nxf2 23. Kf3 Nh3 (23... Nd1 24. Bd4 $1) 24. Rc7 $44 (24. Kg4 Nf2+ 25.
Kf3 $11)) 21. Kf3 Rxc1 22. Bxc1 $5 (22. Rxc1 Nxh2+ $13) 22... Ne5+ 23. Kg2 Nc6
24. Be3 Na5 25. Rc1 Nxb3 26. Rc7 Ra8 27. g4 $14) 18. Kd2 $14 {[%csl Gc2]} Ne7
19. Rhc1 (19. Rac1 $142 {[%cal Ge2e4,Gf2f4]} Kf7 20. e4 $14) 19... Kd7 20. Rxc8
(20. e4 $142) 20... Rxc8 21. g4 $2 (21. f4 $1 {It was very important to stop
the advance e6-e5 which limits mobility of white's bishop.}) 21... e5 $1 {
Now white must be careful as black's knight has become a real danger.} 22. Rc1
(22. g5 $5 Ke6 23. gxf6 gxf6 24. Rg1) 22... Rxc1 23. Bxc1 Nc6 24. Bb2 Ke6 25.
Kd3 b5 26. Bc3 $5 (26. e4 $6 {preventing f6-f5.} Kd6 {[%csl Rf4][%cal Gc6d8,
Gd8e6]} (26... Na5 27. Kc3 {[%cal Gc3b4]} Nc6 28. Kd3)) 26... f5 $1 27. f3 (27.
gxf5+ $5 Kxf5 28. f3 $1 {[%cal Ga3a4]}) 27... g6 28. a4 a6 $1 (28... bxa4 $6
29. bxa4 Kd5 30. gxf5 gxf5 31. e4+ fxe4+ 32. fxe4+ Kc5 33. Bd2 $1 $14 {[%csl
Gc4][%cal Gd3c3,Gd2e3,Gc3c4]}) (28... b4 $6 29. gxf5+ gxf5 30. Be1 $1 {[%csl
Gc4][%cal Ge1f2]}) 29. axb5 axb5 30. g5 $1 {It's usually not recommended to
put pawn on the square which has the colour of your bishop.But this time it's
fully justified.I prevent activity on the king side and fix king side pawns.}
Kd5 31. e4+ {Another subsequence that explains 30.g4-g5! Now 31...Kc5 can't be
recommended in view of 32.ef gf 33.h4.} Ke6 (31... Kc5 $6 32. exf5 gxf5 33. h4)
32. Ke3 $5 {[%cal Gf3f4]} (32. Ba1 $5 {simply waiting.}) 32... b4 $1 33. Bd2 $1
(33. Bb2 $4 Na5) 33... f4+ (33... Nd4 34. f4 $1 (34. Bxb4 $4 Nc2+)) 34. Kd3 $1
{[%csl Rb4][%cal Gd3c4]} ({Of course not} 34. Kf2 $4 Kd6 {[%cal Gd6c5,Gc6d4,
Gc6a5]}) 34... Na5 {[%csl Rb3]} (34... Nd4 $5 35. Bxf4 $1 Nxb3 $1 (35... Nxf3
$2 36. Be3 Nxh2 37. Ke2 {[%csl Rh2]} Kd6 $1 38. Bd2 (38. Bg1 $6 Ng4 39. Kf3 $1
(39. Kd3 h6 $1 (39... h5 40. Ke2 $1 $11) 40. gxh6 Nxh6 41. Kc4 Ng4 {[%cal
Gg4f6]} 42. Bc5+ Kc6 $1 (42... Ke6 43. Kd3 $1) 43. Bxb4 Nf2 $1) 39... h5 40.
Kg3 $11) 38... Kc5 39. Be3+ Kd6 40. Bc1 $1 {[%csl Rh2][%cal Ge2f2,Gf2g2]} Kc5
41. Ke3 $1 Ng4+ 42. Kf3 Nh2+ (42... h5 43. gxh6 Nf6 44. Be3+ $1 (44. Bg5 Nh7
45. Be7+ Kd4 46. Bxb4 Ng5+ 47. Kg4 Nh7) 44... Kd6 45. Bg5 Nh7 46. Bd8 $1 Kc5
47. Ke3 $1 $18) 43. Kg3 Kd4 (43... Nf1+ 44. Kg2 {[%csl Rf1]} Kd4 45. Kxf1 $18)
44. Bb2+ (44. Kxh2 Kc3 45. Bf4 $3 $18) 44... Kxe4 45. Kxh2 $18) 36. Be3 Na5 (
36... Na1 {[%cal Gb4b3,Ga1c2]} 37. Kc4 b3 38. Kc3 Nc2 39. Bf2 Nb4 40. Kxb3 Nd3
41. Bg3 $14) 37. Bb6 Nb3 38. Be3 (38. Kc2 Nd4+ 39. Bxd4 exd4 40. f4 Kd6 41. f5
$11) 38... Na5 $11) 35. Kc2 {[%csl Rb4]} Nc6 36. Kd3 Na5 37. Kc2 {Positional
draw.The dreams of qualifying for the final we had to postpone untill the next
day.} 1/2-1/2

[Event "Bundesliga 0405"]
[Site "Germany"]
[Date "2004.11.28"]
[Round "4.5"]
[White "Jobava, Baadur"]
[Black "Brueggemann, Joachim"]
[Result "1/2-1/2"]
[WhiteElo "2614"]
[BlackElo "2404"]
[Annotator "Mueller,Karsten"]
[PlyCount "108"]
[EventDate "2004.11.12"]
[EventType "team-tourn"]
[EventRounds "15"]
[EventCountry "GER"]
[SourceTitle "CBM 105"]
[Source "ChessBase"]
[SourceDate "2005.04.11"]
[SourceVersion "1"]
[SourceVersionDate "2005.04.11"]
[SourceQuality "1"]
[WhiteTeam "Baden Oos"]
[BlackTeam "Erfurt"]
[WhiteTeamCountry "GER"]
[BlackTeamCountry "GER"]

1. d4 Nf6 2. c4 e6 3. Nf3 Bb4+ 4. Bd2 Bxd2+ 5. Qxd2 d6 6. Nc3 Nc6 7. g3 O-O 8.
Bg2 h6 9. Rd1 Bd7 10. O-O Re8 11. e4 e5 12. d5 Ne7 13. Ne1 Ng6 14. Nd3 Nh7 15.
c5 Qg5 16. b4 Qh5 17. f3 f5 18. exf5 Qxf5 19. cxd6 cxd6 20. Ne4 Qf8 21. f4 exf4
22. Nxf4 Nxf4 23. Qxf4 Bb5 24. Qxf8+ Nxf8 25. Rfe1 Rad8 26. Rc1 Bd3 27. Kf2 Ng6
28. Rc7 Ne5 29. Ke3 Bxe4 30. Bxe4 Rd7 31. Rec1 Rde7 32. Rxe7 Rxe7 33. Bf5 Kf8
34. Be6 g6 35. Ke4 Re8 36. h4 Re7 37. Rc3 b6 38. a4 Re8 39. a5 bxa5 40. bxa5
Re7 41. Kd4 Re8 42. a6 Re7 43. Rb3 Kg7 44. Rb8 Nf3+ 45. Kc4 Rc7+ 46. Kb4 Re7
47. Rg8+ Kh7 48. Rd8 Kg7 49. Rxd6 Nd2 50. Rd8 Kf6 51. d6 $2 {zu überhastet.} (
51. Bh3 $18 {gewann leicht.}) 51... Rxe6 52. Rf8+ Ke5 53. d7 Rb6+ 54. Kc3 (54.
Ka4 Nb1 $1 {[%mdl 64] setzt den bekannten Dauerschachmechanismus in Kraft} 55.
Re8+ Kf5 {und Weiß kann nicht gewinnen, denn} 56. Rc8 {wird mit} Nc3+ 57. Rxc3
Rxa6+ 58. Kb5 Rd6 {beantwortet.}) 54... Ne4+ 1/2-1/2

[Event "Olympiad-34"]
[Site "Istanbul"]
[Date "2000.11.06"]
[Round "9.2"]
[White "Avrukh, Boris"]
[Black "Gulko, Boris F"]
[Result "1/2-1/2"]
[WhiteElo "2625"]
[BlackElo "2643"]
[Annotator "Ribli,Z"]
[PlyCount "127"]
[EventDate "2000.10.28"]
[EventType "team-swiss"]
[EventRounds "14"]
[EventCountry "TUR"]
[SourceTitle "EXT 2001"]
[Source "ChessBase"]
[SourceDate "2000.11.22"]
[SourceVersion "1"]
[SourceVersionDate "2000.11.22"]
[SourceQuality "1"]
[WhiteTeam "Israel"]
[BlackTeam "US of America"]
[WhiteTeamCountry "ISR"]
[BlackTeamCountry "USA"]

1. d4 Nf6 2. c4 e6 3. Bg5 {Das ist ein seltener Gast in der Großmeisterpraxis,
und man kann diesen Zug gut als die "Überraschungs-Indische" Fortsetzung
bezeichnen. Denn Weiß spielt weder 3.Nf3 (3...b6 - Damenindische Verteidigung)
noch 3.Nc3 (3...Bb4 - Nimzoindische Verteidigung). Aber ich glaube, dass
dieser Zug für Schwarz nicht gefährlich ist. In der Tat macht dieser Zug nur
als Überraschung Sinn.} h6 (3... c5) (3... Bb4+) 4. Bh4 Bb4+ {Der Bh4 steht
weitab vom Damenflügel, daher ist es logisch, dass Schwarz mit Bb4# oder c5
aktiv wird.} (4... c5 $5 5. d5 exd5 6. cxd5 d6 7. Nc3 Be7 8. Bg3 Nh5 9. e3 Nxg3
10. hxg3 a6 11. a4 Bf6 $10 {Meister-Obukhov, Kuibishev 1990}) (4... g5 5. Bg3
Bb4+ 6. Nd2 Ne4 7. Ngf3 $14 g4 (7... Nc6 8. a3 Bxd2+ 9. Nxd2 Nxg3 10. hxg3 Nxd4
11. Ne4 $44) 8. a3 Ba5 9. b4) 5. Nd2 (5. Nc3 c5 {Das leitet in die Leningrader
Variante der Nimzoindischen Verteidigung über.}) 5... c5 6. a3 (6. dxc5 Na6 (
6... Bxc5 7. e3 b6 8. Be2 Bb7 9. Bf3 Nc6 10. h3 O-O 11. Ne2 Rc8 12. Nc3 Be7 13.
O-O a6 {0-1 Pihlajasalo,H-Sammalvuo,T/Tampere 1998/EXT 99 (52)}) (6... Nc6 7.
a3 Bxc5 8. e3 b6 9. Ngf3 Bb7 10. Bd3 Be7 11. O-O d6 12. Qe2 g5 13. Bg3 h5 14.
h4 gxh4 15. Bxh4 Ng4 16. Bxe7 Qxe7 17. Ne4 f5 18. Neg5 Rg8 19. Nh3 O-O-O {
0-1 Pihlajasalo,H-Veingold,A/Helsinki 1996/EXT 99 (25)}) 7. Ngf3 Nxc5 8. a3
Bxd2+ 9. Nxd2 d5 10. b4 Ncd7 11. cxd5 exd5 12. Nb3 O-O 13. e3 Ne5 14. Qd4 {
1/2-1/2 Avrukh,B-Pelletier,Y/Biel SUI 2000/The Week in Chess 300 (57)}) 6...
Bxd2+ 7. Qxd2 g5 (7... Nc6 8. dxc5 (8. Bxf6 Qxf6 9. dxc5 a5 10. Nf3 a4 11. e3
Qe7 12. Qd6 Ra5 $11) 8... g5 9. Bg3 Ne4 10. Qc1 $13) (7... cxd4 8. Qxd4 Nc6 $11
) 8. Bg3 Ne4 (8... Nc6 9. O-O-O (9. dxc5 Ne4 10. Qc1 $1 $16) 9... Nxd4 10. Qd3
d6 11. e3 Nf5 12. Be5 Bd7 13. Bc3 d5 14. Nf3 O-O 15. h4 g4 16. Ne5 d4 {0-1
Gliksman,D-Sokolov,V/Kraljevo 1967/EXT 2000 (44)}) 9. Qe3 (9. Qd3 f5 10. dxc5
Nc6 11. O-O-O Qa5 12. f3 Nxc5 13. Qc2 Qa4 14. Qc3 Nb3+ 15. Kb1 O-O 16. Be5 Rf7
17. Qc2 b5 18. e3 bxc4 19. Bxc4 Nca5 20. Bxb3 Qxb3 {1/2-1/2 Jukic,Z-Keglevic,P/
Zagreb 1995/EXT 2000 (20)}) 9... Nxg3 10. hxg3 Qa5+ 11. Kd1 $5 $13 {[%mdl 8]
Der weiße König steht etwas unsicher auf d1, aber Schwarz hat auch seine
Schwächen - sein Königsflügel ist relativ offen.} (11. b4 cxb4 12. Qd2 d5 13.
cxd5 exd5 14. Nf3 Nc6 15. Ne5 bxa3 16. Nxc6 Qxd2+ 17. Kxd2 bxc6 $15 {1/2-1/2
Seirawan,Y-Andersson,U/Tilburg 1983/MCD (56)}) (11. Qd2 Qxd2+ 12. Kxd2 cxd4 13.
Nf3 Nc6 14. Nxg5 Na5 {[%cal Ra5b3,Rb3a1,Rb3d2]} 15. Kd3 Nb3 16. Rd1 b6 $15) (
11. Qc3 Qxc3+ 12. bxc3 $15 {[%csl Rc3,Rc4]}) 11... d6 12. Nf3 {Nun muss
Schwarz immer mit Nxg5 rechnen.} (12. dxc5 Qxc5 (12... dxc5 13. Nf3 f6 $11) 13.
Qxc5 dxc5 $11) 12... Bd7 (12... Nc6 13. dxc5 dxc5 14. Nxg5 Nd4 $44) (12... cxd4
$2 13. Qxd4 $16 {[%cal Rd4d6,Rd4h8]}) 13. d5 $1 {Weiß beraubt den Nb8 seines
natürlichen Entwicklungsfeldes.} (13. dxc5 dxc5 14. Nxg5 Nc6 $44 (14... Ba4+
15. b3)) 13... Na6 {Schwarz kann den Pg5 nicht verteidigen, mit dem Textzug
strebt er schnelle Entwicklung an.} (13... g4 14. Nd2 $16 {[%cal Gd2e4,Rh1h6]})
14. Nxg5 $14 Nc7 15. Rc1 (15. Qf3 $5 $16) 15... Rg8 16. Ne4 (16. Rxh6 Ba4+ 17.
b3 Rxg5 18. bxa4 Qxa4+ 19. Rc2 Re5 $132) 16... O-O-O {Schwarz möchte im Trüben
fischen. Ich glaube, dass seine Kompensation nicht ausreichend ist.} 17. Nf6 $6
{Der Springer steht - auf den ersten Blick - stark auf f6, aber nach nur zwei
Zügen muss er dieses Feld wieder verlassen.} (17. Nxd6+ $5 Kb8 18. Nxf7 $16
exd5 (18... Ba4+ 19. b3 Nxd5 20. cxd5 Rxd5+ 21. Kc2 $18) 19. Nxd8 Rxd8 $16)
17... Ba4+ 18. b3 Rg6 $132 {[%csl Gg6]} 19. Nh5 Bd7 (19... Be8 20. Nf4 Rf6 21.
Qc3 $16) 20. Nf4 Rf6 21. dxe6 (21. Qc3 Qxc3 22. Rxc3 exd5 $132 23. Nxd5 (23.
cxd5 Nb5) 23... Nxd5 24. cxd5 Rxf2 25. Rf3 Rxf3 26. gxf3 Rh8 27. e4 $14) 21...
fxe6 22. Qc3 Qxc3 23. Rxc3 $14 {[%mdl 4096] Weiß hat einen Bauern mehr, aber
die Verwertung des Vorteils ist nicht leicht, denn Schwarz steht aktiv, und
Weiß hat einige Probleme bei der Entwicklung.} b5 (23... e5 $5 24. Nd3 Bf5) 24.
e3 bxc4 25. bxc4 (25. Bxc4 e5 26. Nh3 (26. Nd3 d5 $17 {[%csl Rc4]}) 26... Bxh3
27. Rxh3 Rxf2 28. Rxh6 Rxg2 29. e4 d5 $11) 25... e5 26. Nd3 Bc6 {[%cal Gc6h1]}
27. Rh2 $1 {Weiß schaltet Motive auf der großen Diagonale aus.} (27. f3 $2 Rxf3
$1 28. gxf3 Bxf3+ $17) 27... Ne6 {[%cal Ge6g5,Gg5e4] Der Springer zielt nach
g5. Schwarz hat positionellen Druck am Königsflügel.} 28. Ke1 Kc7 29. Rb3 Ng5
30. Be2 (30. f3 $2 Rxf3 $1 $15) 30... Rdf8 {[%cal Gf8f2] Schwarz hat starkes
Gegenspiel auf der f-Linie.} 31. f4 (31. f3 e4 32. f4 exd3 33. fxg5 hxg5 34.
Bxd3 d5 $132) 31... Ne4 {[%csl Ge4]} 32. fxe5 dxe5 33. Nxe5 Ba4 $1 (33... Nxg3
34. Bf3 $14) 34. Rb2 {Weiß darf die b-Linie nicht verlassen.} (34. Rd3 Rb8 $36)
34... Re6 {[%cal Ge6e1]} (34... Nxg3 35. Bf3) 35. Nd3 Nxg3 36. Nf4 (36. Nxc5
Rxe3 37. Nxa4 Rf1+ 38. Kd2 Rxe2+ $132) 36... Ra6 37. Nd5+ (37. Bf3 $5 $16)
37... Kc8 38. Bg4+ $6 (38. Bf3 $5) 38... Bd7 39. Bxd7+ Kxd7 {Nach dem
Läufertausch steht der weiße König schlechter - Schwarz hat immer das Motiv
Rf1+.} 40. Rb7+ Kc8 41. Rb3 {Weiß hat einen Mehrbauern - aber seine Bauern
sind alle isoliert.} Rf1+ 42. Kd2 Ra1 $1 $132 {[%cal Rg3f1,Rf1h2,Rf1d2]} (42...
Rf2+ 43. Kd3 h5 $14 (43... Nf1 44. Rh5 Rxg2 45. Rf5 $18 {[%csl Rc8,Gd5][%cal
Gb3b8,Gf5f8]})) 43. Rh4 (43. Kc2 Ra2+ 44. Kb1 R2xa3 45. Rxa3 Rxa3 46. Rxh6 $14)
43... R6xa3 (43... Ra2+ 44. Kd1 R2xa3 (44... Rxg2 45. Rf4 Rg1+ 46. Kc2 Rf1 47.
Rg4 $16) 45. Rxa3 Rxa3 46. Rxh6 $14) 44. Rxa3 Rxa3 45. Rxh6 Ne4+ {Da das
Material reduziert ist und Schwarz aktives Figurenspiel hat, darf er sich
zurecht Hoffnungen auf ein Remis machen.} 46. Ke2 Ra2+ (46... a5) 47. Kf3 (47.
Kd3 $6 Nf2+ 48. Kc3 Ne4+ $11) 47... Nd2+ 48. Kf4 Nxc4 49. g4 {Die Stellung ist
materiell ausgeglichen, aber nun hat Weiß positionellen Vorteil - seine
Figuren sind aktiv und der g-Bauer ist gefährlich.} Kd7 50. Nf6+ Ke7 51. Nd5+
Kd7 (51... Kf7 52. Rc6 Rf2+ 53. Kg5 $14) 52. Nf6+ Ke7 53. Ne4 {Weiß hat etwas
Positionsvorteil, deshalb gibt er sich nicht mit der dreimaligen
Zugwiederholung ( 53.Nd5+) zufrieden.} Re2 54. Nxc5 Rxe3 $11 {Es gibt nur noch
zwei Bauern auf dem Brett. Das Endspiel R+N gegen R ist theoretisch Remis.} 55.
Rh7+ Ke8 56. Ne4 (56. Rxa7 Re7 $11) 56... Re1 57. Kf5 Ra1 $1 {[%cal Ga1a6]
Schwarz verteidigt seinen a-Bauern und - das ist noch wichtiger - er kann
seinen Turm auf der a-Linie aktivieren.} (57... Ne3+ $6 58. Ke6 Kd8 59. Rd7+
Kc8 60. Nd6+ Kb8 61. g5 $16) 58. g5 Ra5+ 59. Kf6 (59. Kf4 Ne5 $11) 59... Ra6+
60. Kg7 Ne3 {[%cal Ge3f5]} 61. Kh8 {Der weiße König hat ein sicheres
Schlupfloch auf h8, aber das ist etwas wenig.} Nf5 62. Rb7 Kf8 63. Nf6 Ne7 64.
Nd7+ 1/2-1/2